000 00287nam a22001217a 4500
008 180221b xxu||||| |||| 00| 0 eng d
041 _aeng
080 _a316
100 _a50
101 _aSOC
245 _aSexual harassment in the workplace and academia
_cShrier,D.K
942 _2udc
_cBK
999 _c42995
_d42995